| 000 -LEADER |
| fixed length control field |
00950nam a2200205Ia 4500 |
| 001 - CONTROL NUMBER |
| control field |
17793 |
| 003 - CONTROL NUMBER IDENTIFIER |
| control field |
GE_BSU |
| 005 - DATE AND TIME OF LATEST TRANSACTION |
| control field |
20200224143656.0 |
| 008 - FIXED-LENGTH DATA ELEMENTS--GENERAL INFORMATION |
| fixed length control field |
181216s1985en xx |||||||||||||| ||eng|| |
| 040 ## - CATALOGING SOURCE |
| Transcribing agency |
GE_BSU |
| 041 ## - LANGUAGE CODE |
| Language code of text/sound track or separate title |
eng |
| 080 ## - UNIVERSAL DECIMAL CLASSIFICATION NUMBER |
| Universal Decimal Classification number |
353.03(73)P-97 |
| 245 ## - TITLE STATEMENT |
| Title |
Public papers of the presidents of the United States Ronald Reagan. 1983 |
| Remainder of title |
1983 (in two books). book II-jule 2 to december 31, 1983 |
| 264 ## - PRODUCTION, PUBLICATION, DISTRIBUTION, MANUFACTURE, AND COPYRIGHT NOTICE |
| Place of production, publication, distribution, manufacture |
Washington : |
| Name of producer, publisher, distributor, manufacturer |
United States government printing office, |
| Date of production, publication, distribution, manufacture, or copyright notice |
1985. |
| 300 ## - PHYSICAL DESCRIPTION |
| Extent |
1809 p.: |
| Other physical details |
ill ; |
| Dimensions |
26 cm. |
| 653 ## - INDEX TERM--UNCONTROLLED |
| keyword |
Public papers of the presidents of the United States Ronald Reagan |
| 653 ## - INDEX TERM--UNCONTROLLED |
| keyword |
შეერთებული შტატების პრეზიდენტების რონალდ რეიგანის საჯარო ფურცლები |
| 653 ## - INDEX TERM--UNCONTROLLED |
| keyword |
სახელმწიფო ადმინისტრაციული მმართველობა |
| 942 ## - ADDED ENTRY ELEMENTS (KOHA) |
| Koha item type |
წიგნი |
| Source of classification or shelving scheme |
|